00347 2200157 4500001002100000005001500021035002000036245003900056100001700095250000600112300001200118260002400130082000800154084001400162990001300176INLIS00000000000244920250604103258 a0010-06250000351 aMikro Biologi /cDrs. Koes Irianto0 aKoes Irianto a1 a256 hlm bY Rama Widya,c2006 a570 a570 KOE m a07.12291